| 000 -LEADER |
| fixed length control field |
01371cam a2200457 a 4500 |
| 001 - CONTROL NUMBER |
| control field |
986894 |
| 003 - CONTROL NUMBER IDENTIFIER |
| control field |
OSt |
| 005 - DATE AND TIME OF LATEST TRANSACTION |
| control field |
20240319084552.0 |
| 008 - FIXED-LENGTH DATA ELEMENTS--GENERAL INFORMATION |
| fixed length control field |
220511s2021 enka b 001 0 eng d |
| 020 ## - INTERNATIONAL STANDARD BOOK NUMBER |
| International Standard Book Number |
9781474953160 |
| Qualifying information |
(hardcover) : |
| 040 ## - CATALOGING SOURCE |
| Original cataloging agency |
TWTCL |
| Language of cataloging |
eng |
| Transcribing agency |
TWTCL |
| Description conventions |
aacr |
| 041 0# - LANGUAGE CODE |
| Language code of text/sound track or separate title |
eng |
| 042 ## - AUTHENTICATION CODE |
| Authentication code |
nbic |
| 082 0# - DEWEY DECIMAL CLASSIFICATION NUMBER |
| Classification number |
551.46 MAR |
| 100 1# - MAIN ENTRY--PERSONAL NAME |
| Personal name |
Martin, Jerome. |
| Relator term |
Author |
| 245 10 - TITLE STATEMENT |
| Title |
100 things to know about the oceans / |
| Statement of responsibility, etc. |
written by Jerome Martin ; illustrated by Dominique Byron. |
| 264 #1 - PRODUCTION, PUBLICATION, DISTRIBUTION, MANUFACTURE, AND COPYRIGHT NOTICE |
| Place of production, publication, distribution, manufacture |
London : |
| Name of producer, publisher, distributor, manufacturer |
Usborne Publishing Ltd., |
| Date of production, publication, distribution, manufacture, or copyright notice |
2021. |
| 300 ## - PHYSICAL DESCRIPTION |
| Extent |
128 pages : |
| Other physical details |
color illustration ; |
| Dimensions |
25 cm. |
| 336 ## - CONTENT TYPE |
| Content type term |
text |
| Content type code |
txt |
| Source |
rdacontent. |
| 337 ## - MEDIA TYPE |
| Media type term |
unmediated |
| Media type code |
n |
| Source |
rdamedia. |
| 338 ## - CARRIER TYPE |
| Carrier type term |
volume |
| Carrier type code |
nc |
| Source |
rdacarrier. |
| 500 ## - GENERAL NOTE |
| General note |
Includes index. |
| 650 #0 - SUBJECT ADDED ENTRY--TOPICAL TERM |
| Topical term or geographic name entry element |
Ocean |
| Form subdivision |
Juvenile literature. |
| 650 #0 - SUBJECT ADDED ENTRY--TOPICAL TERM |
| Topical term or geographic name entry element |
Seas |
| Form subdivision |
Juvenile literature. |
| 650 #0 - SUBJECT ADDED ENTRY--TOPICAL TERM |
| Topical term or geographic name entry element |
Marine ecology |
| Form subdivision |
Juvenile literature. |
| 650 #0 - SUBJECT ADDED ENTRY--TOPICAL TERM |
| Topical term or geographic name entry element |
Marine animals |
| General subdivision |
Juvenile literature. |
| 653 ## - INDEX TERM--UNCONTROLLED |
| Uncontrolled term |
English Learning. |
| 653 ## - INDEX TERM--UNCONTROLLED |
| Uncontrolled term |
青少年 |
| 653 ## - INDEX TERM--UNCONTROLLED |
| Uncontrolled term |
KF. |
| 700 1# - ADDED ENTRY--PERSONAL NAME |
| Personal name |
Frith, Alex. |
| 700 1# - ADDED ENTRY--PERSONAL NAME |
| Personal name |
James, Alice. |
| 700 1# - ADDED ENTRY--PERSONAL NAME |
| Personal name |
Cook, Lan. |
| 700 1# - ADDED ENTRY--PERSONAL NAME |
| Personal name |
Lacey, Minna. |
| 700 1# - ADDED ENTRY--PERSONAL NAME |
| Personal name |
Cope, Lizzie. |
| 700 1# - ADDED ENTRY--PERSONAL NAME |
| Personal name |
Byron, Dominique. |
| 700 1# - ADDED ENTRY--PERSONAL NAME |
| Personal name |
Murray, Dale Edwin. |
| 700 1# - ADDED ENTRY--PERSONAL NAME |
| Personal name |
Mariani, Federico, |
| Dates associated with a name |
1974- |
| 700 1# - ADDED ENTRY--PERSONAL NAME |
| Personal name |
Nielsen, Shaw. |
| 700 1# - ADDED ENTRY--PERSONAL NAME |
| Personal name |
Williams, Jake. |
| 942 ## - ADDED ENTRY ELEMENTS (KOHA) |
| Source of classification or shelving scheme |
|
| Koha item type |
Books - Non Ficton |